[Event "Druzynowe Mistrzostwa Polski - II liga"]
[Site "Sypniewo k. Jastrowia"]
[Date "1899-12-30"]
[Round "4.71"]
[White "Kelm, Robert"]
[Black "Kowalczyk, Wojciech"]
[Result "0-1"]
[WhiteTitle "I"]
[BlackTitle "I"]
[WhiteElo "1661"]
[BlackElo "1893"]

1. Nf3 Nf6 2. g3 g6 3. Bg2 Bg7 4. d4 d6 5. O-O O-O 6. c4 Nc6 7. Nc3 Bg4 8. h3 Bxf3
9. Bxf3 Nd7 10. Bxc6 bxc6 11. e4 c5 12. dxc5 Nxc5 13. Qe2 Ne6 14. Be3 c5 15. Rab1
Rb8 16. Nd5 Nd4 17. Bxd4 Bxd4 18. Kh2 e6 19. Nf4 Qa5 20. b3 Rb6 21. Rbc1 Qa3 22.
Rc2 a5 23. Nd3 a4 24. Nc1 Ra8 25. h4 Qb4 26. h5 Rba6 27. hxg6 hxg6 28. f4 Kg7
29. f5 exf5 30. exf5 Qb7 31. Qf3 Qxf3 32. Rxf3 Rh8+ 33. Kg2 gxf5 34. Ne2 axb3
35. axb3 Be5 36. Rxf5 Ra3 37. Rf3 Ra1 38. Nc1 Rh6 39. Rd3 Rb1 40. Kf3 Rf6+ 41.
Ke4 Rg6 42. Ne2 Rg5 43. Rf3 Rd1 44. Ke3 Bd4+ 45. Nxd4 Re5+ 46. Kf2 cxd4 47. Re2
Rh5 48. Kg2 Rhh1 49. Rff2 Rhg1+ 50. Kf3 Rd3+ 51. Ke4 Rxb3 52. Kxd4 Rgxg3 53. Rd2
Kg6 54. Ke4 Rge3+ 55. Kf4 Re6 56. Rg2+ Kf6 57. Rd4 Ke7 58. Ra2 Rf6+ 59. Ke4 Re6+
60. Kf4 Rb7 61. Ra5 Rc7 62. Ra6 Rc5 63. Kf3 Rf5+ 64. Kg4 Rf1 65. Ra7+ Kf8 66.
Rf4 Rg6+ 67. Kf5 Rf6+ 68. Kxf6 Rxf4+ 69. Kg5 Rxc4 70. Kf6 Rf4+ 71. Kg5 Re4 72.
Kf5 Re5+ 73. Kf6 Re6+ 74. Kf5 Kg7 75. Rd7 Kf8 76. Ra7 Kg7 77. Rd7 Rf6+ 78. Kg5
Rg6+ 79. Kf5 Rh6 80. Kg5 Rf6 81. Rd8 Rf1 82. Rxd6 Rg1+ 83. Kf5 Ra1 84. Rd5 Rf1+
85. Kg5 f6+ 86. Kg4 Kg6 87. Rd6 Ra1 88. Rb6 Ra4+ 89. Kf3 Kg5 90. Rb3 f5 91. Rc3
Ra1 92. Rb3 Rf1+ 93. Kg2 Rf4 94. Rb8 Ra4 95. Rb2 Kg4 96. Kf2 f4 97. Rc2 Ra3 98.
Rb2 Rh3 99. Kg2 f3+ 100. Kg1 Kg3 101. Ra2 Rh8 102. Rb2 Ra8 103. Rb1 Ra2 104. Rc1
Rg2+ 105. Kh1 Rh2+ 106. Kg1 Rh3 107. Rc2 f2+ 0-1

[Event "Druzynowe Mistrzostwa Polski - II liga"]
[Site "Sypniewo k. Jastrowia"]
[Date "1899-12-30"]
[Round "4.72"]
[White "Smietanska, Wiktoria"]
[Black "Szmacinska, Grazyna"]
[Result "0-1"]
[WhiteTitle "CM"]
[BlackTitle "WIM"]
[WhiteElo "1726"]
[BlackElo "2056"]

1. e4 g6 2. d4 Bg7 3. Nc3 c6 4. f4 d5 5. e5 h5 6. Nf3 Bg4 7. Be2 e6 8. O-O Nh6
9. Be3 Nd7 10. Qd2 Bf8 11. a3 a6 12. Bf2 Nf5 13. Nd1 c5 14. c3 Rc8 15. Ne3 Bxf3
16. Bxf3 Nxe3 17. Bxe3 cxd4 18. cxd4 Nb8 19. Rac1 Rxc1 20. Rxc1 Nc6 21. Bd1 Qb6
22. Ba4 Be7 23. Qc3 Kd7 24. Bxc6+ bxc6 25. b4 Qb5 26. Kf2 Rc8 27. Bd2 Bd8 28.
Qc2 Bb6 29. Ke3 Ba7 30. Be1 Qf1 31. Bg3 Qb5 32. Be1 Qb7 33. Qa4 Bb6 34. Kd3 Bd8
35. Bf2 Ra8 36. Rc5 Bb6 37. Rc1 Bd8 38. Rc5 Be7 39. Ra5 f6 40. Bh4 Bd8 41. Rc5
fxe5 42. Bxd8 e4+ 43. Ke3 Rxd8 44. Ra5 Ra8 45. Qc2 Qb6 46. Qf2 Qd8 47. Qe2 Qh4
48. g3 Qg4 49. Qf1 h4 50. gxh4 Qxh4 51. Qg1 Kc7 52. Rc5 Kb7 53. Rc1 Qh3+ 54. Qg3
Rh8 55. Rg1 Kb6 56. a4 a5 57. Rb1 Qxg3+ 58. hxg3 Rh3 59. Kf2 Rh2+ 60. Kg1 Rd2
61. bxa5+ Kxa5 62. Rc1 Rxd4 63. Rxc6 e3 64. Rxe6 Rd1+ 65. Kg2 d4 66. Kf3 Rd2 67.
g4 Rf2+ 68. Ke4 Rd2 69. Kf3 Kxa4 70. f5 gxf5 71. gxf5 Kb4 72. f6 Kc3 73. f7 Rf2+
74. Ke4 Rxf7 75. Rc6+ Kd2 76. Kxd4 e2 77. Ra6 Rd7+ 78. Kc4 e1=Q 0-1

[Event "Druzynowe Mistrzostwa Polski - II liga"]
[Site "Sypniewo k. Jastrowia"]
[Date "1899-12-30"]
[Round "4.73"]
[White "Skrobek, Ryszard"]
[Black "Szewczyk, Mariusz"]
[Result "0-1"]
[WhiteTitle "IM"]
[BlackTitle "k"]
[WhiteElo "2316"]
[BlackElo "2119"]

1. e4 e5 2. Nf3 Nc6 3. Bc4 Bc5 4. c3 Nf6 5. d3 d6 6. Nbd2 Bb6 7. O-O O-O 8. h3
Ne7 9. Bb3 c6 10. Re1 Ng6 11. Nf1 Nh5 12. Bg5 Qe8 13. d4 Nhf4 14. Nh4 Be6 15.
Nf5 Qd7 16. Bc2 f6 17. Bxf4 Nxf4 18. Qf3 g6 19. N5e3 Kh8 20. Rad1 Qg7 21. Bb3
Bd7 22. Ng3 Rae8 23. Ne2 Nxe2+ 24. Rxe2 f5 25. dxe5 fxe4 26. Qxe4 Rxe5 27. Qd3
d5 28. c4 d4 29. Ng4 Bxg4 30. hxg4 Rxe2 31. Qxe2 d3 32. Qxd3 Qxb2 33. Rf1 Rxf2
34. Rxf2 Qxf2+ 35. Kh2 Qh4+ 36. Qh3 Bc7+ 37. g3 Bxg3+ 38. Kg2 Qxh3+ 39. Kxh3 Bd6
40. a4 Kg7 41. g5 h6 42. gxh6+ Kxh6 43. Bd1 a6 44. Bg4 b5 0-1

[Event "Druzynowe Mistrzostwa Polski - II liga"]
[Site "Sypniewo k. Jastrowia"]
[Date "1899-12-30"]
[Round "4.74"]
[White "Kowalec, Maciej"]
[Black "Kossobudzki, Robert"]
[Result "1-0"]
[WhiteTitle "k"]
[BlackTitle "I"]
[WhiteElo "2070"]
[BlackElo "2052"]

1. d4 Nf6 2. Bg5 b5 3. f3 d5 4. e3 a6 5. a4 b4 6. c4 c5 7. dxc5 Qc7 8. cxd5 Qxc5
9. e4 Nbd7 10. Nd2 h6 11. Nb3 Qd6 12. Be3 g6 13. Rc1 Bg7 14. Qd2 h5 15. Rc6 Qb8
16. Bf4 Ne5 17. Rxc8+ Qxc8 18. Bxe5 Nxe4 19. fxe4 Bxe5 20. Nf3 Bg7 21. Bd3 O-O
22. O-O Qb7 23. Kh1 Qb6 24. e5 Rad8 25. Be4 Rc8 26. Qg5 Rc4 27. Nbd2 Rc7 28. b3
Rc3 29. Qxe7 Qb8 30. d6 Bh6 31. Bd5 Qc8 32. d7 Qd8 33. Bxf7+ Kg7 34. Qxd8 Rxd8
35. e6 Re3 36. Nc4 Re2 37. Nce5 Bg5 38. Nxg5 Rxe5 39. e7 Rxe7 40. Ne6+ 1-0

[Event "Druzynowe Mistrzostwa Polski - II liga"]
[Site "Sypniewo k. Jastrowia"]
[Date "1899-12-30"]
[Round "4.75"]
[White "Grzesik, Norbert"]
[Black "Litner, Igor"]
[Result "0-1"]
[WhiteTitle "I++"]
[BlackTitle "I++"]
[WhiteElo "1945"]
[BlackElo "1983"]

1. e4 d6 2. d4 Nf6 3. Nc3 e5 4. Nf3 Nbd7 5. Bc4 Be7 6. O-O O-O 7. a4 c6 8. Qe2
Qc7 9. Rd1 Nb6 10. Bd3 Bg4 11. a5 Nbd7 12. Bc4 b5 13. axb6 axb6 14. Rxa8 Rxa8
15. d5 b5 16. dxc6 bxc4 17. cxd7 Bxd7 18. Bg5 Qc5 19. h3 Be6 20. Nd2 Rc8 21. Nf1
h6 22. Bxf6 Bxf6 23. Ne3 Bg5 24. Ncd5 g6 25. Ra1 Qd4 26. Ra4 Qxe4 27. Nb6 Rc7
28. Nbxc4 Bxe3 29. Nb6 Rxc2 30. Rxe4 Rxe2 31. Rxe3 Rxb2 32. Na4 Rb3 33. Re2 Rb1+
34. Kh2 Kf8 35. Rc2 Rb7 36. Re2 Ke7 37. Nc3 f6 38. Rd2 Rd7 39. g4 d5 40. f3 d4
41. Ne2 Ra7 42. Kg3 Ra2 43. Rxa2 Bxa2 44. Kf2 Ke6 45. Ng3 Bd5 46. Nf1 f5 47. Kg3
e4 48. gxf5+ gxf5 49. fxe4 fxe4 50. Kf4 e3 51. Ng3 Bg2 52. h4 Kd5 53. Ne2 Bf1
0-1

[Event "Druzynowe Mistrzostwa Polski - II liga"]
[Site "Sypniewo k. Jastrowia"]
[Date "1899-12-30"]
[Round "4.76"]
[White "Rzeszowski, Dominik"]
[Black "Meller, Piotr"]
[Result "0-1"]
[WhiteTitle "I++"]
[BlackTitle "I"]
[WhiteElo "1863"]
[BlackElo "2023"]

1. e4 c5 2. Nc3 g6 3. g3 Bg7 4. Bg2 Nc6 5. d3 d6 6. f4 Rb8 7. Nf3 b5 8. O-O Nf6
9. h3 b4 10. Ne2 a5 11. g4 Qc7 12. e5 Nd7 13. exd6 Qxd6 14. Ng5 O-O 15. Ne4 Qc7
16. N2g3 Bb7 17. f5 Rbd8 18. Bf4 Qb6 19. Qc1 c4+ 20. Kh1 cxd3 21. cxd3 Qd4 22.
f6 Nxf6 23. Be3 Nxe4 24. Bxd4 Nxg3+ 25. Kh2 Nxf1+ 26. Qxf1 Rxd4 27. Rc1 Rd6 28.
Qf2 Be5+ 29. Kh1 Bd4 30. Qe2 Bf6 31. Qf2 Ba8 32. b3 Ne5 0-1

[Event "Druzynowe Mistrzostwa Polski - II liga"]
[Site "Sypniewo k. Jastrowia"]
[Date "1899-12-30"]
[Round "4.77"]
[White "Paprocki, Artur"]
[Black "Powalka, Michal"]
[Result "1/2-1/2"]
[WhiteTitle "I"]
[BlackTitle "I++"]
[WhiteElo "1842"]
[BlackElo "1970"]

1. d4 Nf6 2. c4 g6 3. Nc3 Bg7 4. Nf3 O-O 5. Bf4 d6 6. e3 c5 7. dxc5 Qa5 8. Qa4
Qxc5 9. Be2 Bd7 10. Qd1 a5 11. O-O a4 12. Rc1 a3 13. b3 Nc6 14. Nd5 Qa5 15. Nxf6+
Bxf6 16. e4 Bb2 17. Bd2 Qh5 18. Ng5 Qh6 19. Ne6 Qh4 20. Nxf8 Kxf8 21. Rb1 Qxe4
22. Bf3 Qf5 23. Re1 Qf6 24. Bxc6 Bxc6 25. Qe2 Be5 26. Qe3 Bd4 27. Qh6+ Kg8 28.
Be3 Bc3 29. Bd2 Bd4 30. Be3 Bc3 31. Bd2 1/2-1/2

[Event "Druzynowe Mistrzostwa Polski - II liga"]
[Site "Sypniewo k. Jastrowia"]
[Date "1899-12-30"]
[Round "4.78"]
[White "Bebnik, Malgorzata"]
[Black "Korosciel, Aneta"]
[Result "1-0"]
[WhiteTitle "I++"]
[BlackTitle "m"]
[WhiteElo "1756"]
[BlackElo "1966"]

1. d4 Nf6 2. c4 e6 3. Nc3 Bb4 4. Qc2 c5 5. e3 O-O 6. Nf3 Nc6 7. Bd3 h6 8. O-O cxd4
9. exd4 d5 10. cxd5 exd5 11. h3 Re8 12. Bf4 Bd6 13. Bxd6 Qxd6 14. Nb5 Qf4 15.
Qc1 Qxc1 16. Raxc1 Rd8 17. Rfe1 Nb4 18. Bb1 Bd7 19. Nd6 Bc6 20. Nf5 Kf8 21. Ne5
Rac8 22. a3 Na6 23. Ne7 Rc7 24. N7xc6 bxc6 25. Rxc6 Rxc6 26. Nxc6 Rd7 27. Bd3
Nc7 28. Nxa7 Ne6 29. Nb5 Rb7 30. a4 Nd7 31. Bf5 Ke7 32. Bd3 Nb8 33. a5 Kd7 34.
Ra1 Na6 35. Nc3 Nec7 36. Nxd5 Nxd5 37. Bxa6 Rxb2 38. Bc4 Kd6 39. a6 Rb8 40. a7
Ra8 41. Ra6+ 1-0

[Event "Druzynowe Mistrzostwa Polski - II liga"]
[Site "Sypniewo k. Jastrowia"]
[Date "1899-12-30"]
[Round "4.79"]
[White "Majocha, Piotr"]
[Black "Bilczewski, Kacper"]
[Result "1/2-1/2"]
[WhiteTitle "I++"]
[BlackTitle "k+"]
[WhiteElo "1980"]
[BlackElo "2112"]

1. c4 e6 2. Nf3 d5 3. e3 Nf6 4. b3 c5 5. Bb2 Be7 6. cxd5 exd5 7. d4 cxd4 8. Nxd4
O-O 9. Be2 Bb4+ 10. Kf1 Nc6 11. a3 Bc5 12. b4 Bb6 13. h3 Ne4 14. Nxc6 bxc6 15.
Nd2 Nd6 16. Qc2 Bf5 17. Qc3 d4 18. exd4 Qh4 19. Nf3 Qh6 20. Bd3 Ne4 21. Bxe4 Bxe4
22. Qe3 Qg6 23. Qf4 Rfe8 24. h4 Bd5 25. Rh3 Qc2 26. Qd2 Qc4+ 27. Kg1 Re2 28. Qc3
Qxc3 29. Bxc3 Rc2 30. Ne1 Re2 31. Re3 Re8 32. Rxe8+ Rxe8 33. Nd3 f6 34. Re1 Rxe1+
35. Nxe1 Bc4 36. Nc2 Kf7 37. f3 Ke6 38. Kf2 Bd3 39. Ne3 g6 40. g3 f5 41. f4 Bc7
42. Ke1 Be4 43. Ke2 Bb6 44. Kd2 Bc7 45. Kc1 h6 46. Be1 Bb6 47. Bc3 Bc7 48. Be1
Bb6 1/2-1/2

[Event "Druzynowe Mistrzostwa Polski - II liga"]
[Site "Sypniewo k. Jastrowia"]
[Date "1899-12-30"]
[Round "4.80"]
[White "Panek, Bartosz"]
[Black "Luba, Lukasz"]
[Result "0-1"]
[WhiteTitle "I++"]
[BlackTitle "k"]
[WhiteElo "2082"]
[BlackElo "2143"]

1. e4 e5 2. Nc3 Bc5 3. Bc4 Nf6 4. d3 h6 5. f4 d6 6. Nf3 Nc6 7. f5 Na5 8. Bb3 Nxb3
9. axb3 Ng4 10. Qe2 Bf2+ 11. Kd1 Bb6 12. Rf1 c6 13. h3 Nf6 14. Bd2 Bd7 15. g4
a5 16. Qg2 Qe7 17. b4 Qd8 18. bxa5 Bxa5 19. h4 Ra6 20. Rb1 b5 21. Rh1 h5 22. gxh5
Nxh5 23. b4 Bb6 24. Ne2 Qa8 25. Bc3 Ra2 26. d4 f6 27. Qg4 Kd8 28. dxe5 dxe5 29.
Ng3 Be8 30. Rh2 Qa7 31. Rd2+ Kc8 32. Ne2 Be3 33. Rd3 Nf4 34. Nxf4 exf4 35. e5
Bh5 36. Qg2 Qa4 37. Rb3 Qxb3 0-1

[Event "Druzynowe Mistrzostwa Polski - II liga"]
[Site "Sypniewo k. Jastrowia"]
[Date "1899-12-30"]
[Round "4.81"]
[White "Machlowski, Slawomir"]
[Black "Radecki, Adam"]
[Result "1-0"]
[WhiteTitle "I+"]
[BlackTitle "I+"]
[WhiteElo "2063"]
[BlackElo "2028"]

1. c4 c5 2. g3 e5 3. Bg2 g6 4. Nc3 Bg7 5. a3 Nc6 6. b4 cxb4 7. axb4 Nge7 8. Rb1
O-O 9. e3 f5 10. Qb3 a5 11. Qa2 Nxb4 12. Rxb4 axb4 13. Qxa8 bxc3 14. dxc3 e4 15.
Ne2 Qc7 16. Qa2 Nc6 17. O-O Ne5 18. c5+ Kh8 19. Ba3 Nd3 20. c6 d6 21. cxb7 Bxb7
22. Rb1 Ba6 23. Qd5 Rd8 24. Nd4 Qxc3 25. Bxd6 Nxf2 26. Bb4 Qc8 27. Qa2 Ng4 28.
Bd2 Qc4 29. Qa1 Qd3 30. Rb2 Bxd4 31. exd4 Qxd4+ 32. Kh1 e3 33. Be1 e2 34. Qa5
Nf2+ 35. Bxf2 Qd1+ 36. Be1 Qxe1+ 37. Qxe1 Rd1 38. Rb1 1-0

[Event "Druzynowe Mistrzostwa Polski - II liga"]
[Site "Sypniewo k. Jastrowia"]
[Date "1899-12-30"]
[Round "4.82"]
[White "Samborski, Henryk"]
[Black "Szydelko, Michal"]
[Result "1/2-1/2"]
[WhiteTitle "k"]
[BlackTitle "I+"]
[WhiteElo "2052"]
[BlackElo "1754"]

1. Nf3 d5 2. g3 Nf6 3. Bg2 e6 4. O-O Be7 5. d3 O-O 6. Nbd2 c5 7. e4 Nc6 8. e5 Nd7
9. Re1 Qc7 10. Qe2 b6 11. Nf1 Bb7 12. Bf4 Rfe8 13. h4 Nf8 14. h5 Qd7 15. N1h2
f6 16. exf6 Bxf6 17. Ne5 Nxe5 18. Bxe5 Qf7 19. Ng4 Nd7 20. Bxf6 Nxf6 21. Nxf6+
Qxf6 22. Qe5 Qf5 23. Re2 Qxe5 24. Rxe5 Rad8 25. Rae1 Kf7 26. c3 Ba6 27. d4 cxd4
28. cxd4 Rc8 29. Bh3 Rc6 30. R1e3 Rc1+ 31. Kh2 Bc8 32. Rc3 Rxc3 33. bxc3 Bd7 34.
Bf1 Rc8 35. Re3 b5 36. a3 Rb8 37. Re1 Rc8 38. Re3 Rb8 39. Re1 Rc8 40. Re3 Rb8
1/2-1/2

[Event "Druzynowe Mistrzostwa Polski - II liga"]
[Site "Sypniewo k. Jastrowia"]
[Date "1899-12-30"]
[Round "4.83"]
[White "Bartlomowicz, Jakub"]
[Black "Lamza, Zenon"]
[Result "1/2-1/2"]
[WhiteTitle "I"]
[BlackTitle "k"]
[WhiteElo "1762"]
[BlackElo "2178"]

1. e4 d6 2. d4 g6 3. Nc3 c6 4. Be3 Nf6 5. Qd2 Qa5 6. h3 Bg7 7. Nf3 O-O 8. Bd3 Nbd7
9. O-O e5 10. dxe5 dxe5 11. Nd5 Qd8 12. Nxf6+ Bxf6 13. Rfd1 Re8 1/2-1/2

[Event "Druzynowe Mistrzostwa Polski - II liga"]
[Site "Sypniewo k. Jastrowia"]
[Date "1899-12-30"]
[Round "4.84"]
[White "Bugaj, Hanna"]
[Black "Trusz, Julia"]
[Result "1/2-1/2"]
[WhiteTitle "I++"]
[BlackTitle "I++"]
[WhiteElo "1755"]
[BlackElo "1659"]

1. d4 Nf6 2. c4 c5 3. d5 b5 4. cxb5 a6 5. f3 axb5 6. e4 Qa5+ 7. Bd2 b4 8. Na3 d6
9. Nc4 Qa7 10. Bd3 Nbd7 11. Ne2 g6 12. O-O Ba6 13. Kh1 Bg7 14. a3 Bxc4 15. Bxc4
bxa3 16. Rxa3 Qb8 17. Qc2 O-O 18. Nc3 Qb6 19. Rfa1 Rxa3 20. bxa3 Ne5 21. Rb1 Qa7
22. Nb5 Qa6 23. Bf1 Nfd7 24. a4 Rb8 25. h3 c4 26. f4 Nd3 27. Qxc4 Nf2+ 28. Kh2
Nc5 29. Nc7 Qa7 30. Rxb8+ Qxb8 31. Nb5 Nfxe4 32. Be3 Qa8 33. Bd3 Nxd3 34. Qxe4
Nc5 35. Bxc5 dxc5 36. Nc7 Qa5 37. Nb5 Bf8 1/2-1/2

[Event "Druzynowe Mistrzostwa Polski - II liga"]
[Site "Sypniewo k. Jastrowia"]
[Date "1899-12-30"]
[Round "4.85"]
[White "Dixa, Oskar"]
[Black "Kowalak, Piotr"]
[Result "1-0"]
[WhiteTitle "k"]
[BlackTitle "k"]
[WhiteElo "1988"]
[BlackElo "2096"]

1. d4 Nf6 2. c4 e6 3. Nf3 d5 4. g3 dxc4 5. Qa4+ Bd7 6. Qxc4 Bc6 7. Bg2 Bd6 8. Nc3
Nbd7 9. O-O O-O 10. Rd1 Qe7 11. Qd3 b6 12. e4 e5 13. Bg5 h6 14. Be3 Rfd8 15. d5
Bb7 16. Nh4 Bc5 17. Nf5 Qf8 18. Bxc5 Nxc5 19. Qe3 a5 20. Rac1 Kh7 21. Qf3 g6 22.
Nxh6 Nxd5 23. Nxf7 Nxc3 24. Rxd8 Rxd8 25. Nxd8 Qxf3 26. Bxf3 Nxa2 27. Rxc5 bxc5
28. Nxb7 Nb4 29. Nxa5 Kg7 30. Nc4 Kf6 31. h4 Nc6 32. Bd1 Nd4 33. Kf1 Ke6 34. Ke1
Nc6 35. Kd2 Nd4 36. Ke3 Nc6 37. f4 exf4+ 38. gxf4 Nd4 39. h5 gxh5 40. Bxh5 Kf6
41. Bg4 Nc2+ 1-0

[Event "Druzynowe Mistrzostwa Polski - II liga"]
[Site "Sypniewo k. Jastrowia"]
[Date "1899-12-30"]
[Round "4.86"]
[White "Kolodziejski, Piotr"]
[Black "Janiszewski, Filip"]
[Result "1-0"]
[WhiteTitle "I+"]
[BlackTitle "I++"]
[WhiteElo "2048"]
[BlackElo "1983"]

1. e4 c5 2. Ne2 d6 3. g3 Nc6 4. Bg2 g6 5. c3 Bg7 6. d4 cxd4 7. cxd4 e5 8. dxe5
dxe5 9. Qxd8+ Kxd8 10. O-O Nge7 11. Na3 Be6 12. Be3 Nd4 13. Rfd1 Nc6 14. Nb5 Ke7
15. Nbxd4 Nxd4 16. Nxd4 exd4 17. Bxd4 Bxd4 18. Rxd4 Rhd8 19. Rad1 Rxd4 20. Rxd4
Rc8 21. Bf1 Rc2 22. Rb4 b6 23. Kg2 Kd6 24. Kf3 Bxa2 25. Bd3 Rc7 26. Rd4+ Ke7 27.
Ke3 a5 28. f4 Rd7 29. Bb5 Rxd4 30. Kxd4 Kd6 31. e5+ Kc7 32. h4 h5 33. f5 Bb1 34.
e6 fxe6 35. fxg6 Bxg6 36. Ke5 Bf5 37. Be2 Kc6 38. Bxh5 Kd7 39. g4 Bc2 40. Bf7
b5 41. Bxe6+ Ke7 42. Bf5 Bd1 43. Kd5 Kf6 44. Kc5 Be2 45. Bd7 Kg6 46. Kb6 a4 47.
Kc5 Kh6 48. Kd4 Bxg4 49. Bxb5 Kh5 50. Bxa4 Kxh4 51. b4 Be2 52. Kc5 Kg5 53. Bb3
Kf6 54. Bc4 Bf3 55. Kd6 Bb7 56. b5 Ba8 57. Bd5 Bxd5 58. Kxd5 Ke7 59. Kc6 Kd8 60.
Kb7 1-0

[Event "Druzynowe Mistrzostwa Polski - II liga"]
[Site "Sypniewo k. Jastrowia"]
[Date "1899-12-30"]
[Round "4.87"]
[White "Adamczewski, Jedrzej"]
[Black "Komendecki, Jacek"]
[Result "0-1"]
[WhiteTitle "I++"]
[BlackTitle "k"]
[WhiteElo "1941"]
[BlackElo "1981"]

1. e4 c5 2. Nf3 g6 3. d4 cxd4 4. Qxd4 Nf6 5. e5 Nc6 6. Qa4 Nd5 7. Qe4 Nc7 8. Nc3
Ne6 9. h4 Bg7 10. h5 Qa5 11. Bb5 a6 12. Bxc6 bxc6 13. h6 Bf8 14. b4 Qc7 15. Bb2
Rb8 16. a3 a5 17. Rh4 Ba6 18. Nd4 Nc5 19. bxc5 Rxb2 20. Nb3 e6 21. Na4 Be7 22.
Rf4 f5 23. exf6 Rxc2 24. Nd4 Rc4 25. fxe7 Rxa4 26. O-O-O Rc4+ 27. Kb2 Kxe7 28.
Qf3 Qe5 29. Re4 Rb8+ 30. Ka1 Qxc5 31. Rxe6+ dxe6 32. Nxc6+ Qxc6 33. Qe3 Qc5 0-1

[Event "Druzynowe Mistrzostwa Polski - II liga"]
[Site "Sypniewo k. Jastrowia"]
[Date "1899-12-30"]
[Round "4.88"]
[White "Komendecki, Antoni"]
[Black "Geraschenko, Dmitry"]
[Result "0-1"]
[WhiteTitle "I++"]
[BlackTitle "II+"]
[WhiteElo "1845"]
[BlackElo "1851"]

1. e4 e5 2. Nf3 Nc6 3. d4 exd4 4. Nxd4 Nf6 5. Nc3 Bb4 6. Nxc6 bxc6 7. Bd3 a5 8.
O-O O-O 9. Qf3 Ba6 10. Rd1 Bxd3 11. cxd3 Ne8 12. d4 Qf6 13. Qe2 Bxc3 14. bxc3
Qe6 15. Qd3 Nd6 16. Ba3 Rfe8 17. Bxd6 cxd6 18. f3 d5 19. exd5 Qxd5 20. c4 Qg5
21. d5 Re3 22. Qd2 Rae8 23. Re1 cxd5 24. Qxa5 h6 25. cxd5 Re2 0-1

[Event "Druzynowe Mistrzostwa Polski - II liga"]
[Site "Sypniewo k. Jastrowia"]
[Date "1899-12-30"]
[Round "4.89"]
[White "Grzegorski, Michal"]
[Black "Lewandowski, Wiktor"]
[Result "1/2-1/2"]
[WhiteTitle "I"]
[BlackTitle "I"]
[WhiteElo "1752"]
[BlackElo "1812"]

1. e4 c5 2. Nf3 e6 3. d4 cxd4 4. Nxd4 a6 5. c4 Nf6 6. Nc3 Bb4 7. Bd3 Nc6 8. Nc2
Bc5 9. a3 O-O 10. b4 Ba7 11. O-O d6 12. Kh1 e5 13. Nd5 Nxd5 14. exd5 Nd4 15. Be3
Nxc2 16. Qxc2 g6 17. Bxa7 Rxa7 18. f4 exf4 19. Rxf4 a5 20. Raf1 axb4 21. axb4
b6 22. Rf6 Bf5 23. R6xf5 gxf5 24. Bxf5 f6 25. c5 bxc5 26. bxc5 dxc5 27. Qxc5 Rc7
28. Qd4 Kh8 29. d6 Rg7 30. d7 Qe7 31. Rc1 Rd8 32. Rc8 Rgg8 33. Rxd8 Qe1+ 34. Qg1
Qxg1+ 35. Kxg1 Rxd8 36. Kf2 Kg7 37. Kf3 Kf7 38. Kg4 Rg8+ 39. Kf4 Ke7 40. g4 h6
41. h4 Rd8 42. h5 Rg8 43. Ke4 Ra8 44. Kd5 Ra6 45. Kc5 Rd6 1/2-1/2

[Event "Druzynowe Mistrzostwa Polski - II liga"]
[Site "Sypniewo k. Jastrowia"]
[Date "1899-12-30"]
[Round "4.90"]
[White "Karykowska, Anna"]
[Black "Barwinska, Ewa"]
[Result "0-1"]
[WhiteTitle "k+"]
[BlackTitle "I++"]
[WhiteElo "1982"]
[BlackElo "1826"]

1. e4 c5 2. Nf3 Nc6 3. d4 cxd4 4. Nxd4 Nf6 5. Nc3 e6 6. Ndb5 Bb4 7. a3 Bxc3+ 8.
Nxc3 d5 9. exd5 exd5 10. Bd3 d4 11. Ne2 O-O 12. O-O Bg4 13. h3 Bh5 14. Bf4 Qd5
15. Qd2 Rad8 16. Rfe1 Ne4 17. Bxe4 Qxe4 18. Bg5 f6 19. Ng3 Qd5 20. Bf4 Bg6 21.
Re2 Bxc2 22. Ree1 Bg6 23. Rad1 Rd7 24. Ne2 Rfd8 25. Bg3 Qb3 26. Nf4 Bf7 27. Nd3
b6 28. Qc1 Qc4 29. Qf4 Qd5 30. Rc1 Bg6 31. Qd2 Bxd3 32. Qxd3 Ne5 33. Qe4 Qxe4
34. Rxe4 Nd3 35. Rb1 Nc5 36. Ree1 d3 37. Rbd1 d2 38. Re2 g5 39. b3 Nxb3 40. Re4
Rc8 41. Kf1 Rc1 42. Ke2 Nd4+ 43. Rxd4 Rxd4 44. Rxd2 Rxd2+ 45. Kxd2 Ra1 46. Bd6
Kf7 47. Ke3 Ke6 48. Bf8 h5 49. f4 Kf5 50. fxg5 fxg5 51. Kf3 g4+ 52. hxg4+ hxg4+
53. Ke3 Rb1 54. g3 Rb3+ 55. Kf2 Ke4 56. Bd6 Rb2+ 57. Kg1 Kf3 58. Bb8 a6 59. Bc7
b5 0-1

[Event "Druzynowe Mistrzostwa Polski - II liga"]
[Site "Sypniewo k. Jastrowia"]
[Date "1899-12-30"]
[Round "4.91"]
[White "Dziewonski, Dariusz"]
[Black "Gierulski, Kamil"]
[Result "1-0"]
[WhiteTitle "I++"]
[BlackTitle "k++"]
[WhiteElo "2015"]
[BlackElo "2270"]

1. e4 e5 2. Nf3 Nc6 3. Bb5 a6 4. Ba4 Nf6 5. O-O b5 6. Bb3 Bc5 7. c3 d6 8. d4 Bb6
9. a4 Rb8 10. a5 Ba7 11. h3 O-O 12. Be3 Ra8 13. Re1 h6 14. Qe2 Bb7 15. d5 Ne7
16. Bxa7 Rxa7 17. c4 c6 18. dxc6 Bxc6 19. Nc3 Qb8 20. Nd2 Nd7 21. cxb5 axb5 22.
Nd5 Bxd5 23. Bxd5 Nxd5 24. exd5 f5 25. b4 Nf6 26. Qf3 Qa8 27. Qxf5 Nxd5 28. Qe6+
Raf7 29. Ne4 Nf4 30. Qxd6 Rf5 31. f3 Qa7+ 32. Qc5 Qf7 33. Qc2 Rh5 34. Qa2 Ne6
35. Nc5 Re8 36. Nxe6 Rxe6 37. a6 Qa7+ 38. Qf2 Rb6 39. Red1 Rf5 40. Rd6 Rb7 41.
Rd8+ Rf8 42. Rxf8+ Kxf8 43. axb7 Qxa1+ 44. Kh2 1-0

[Event "Druzynowe Mistrzostwa Polski - II liga"]
[Site "Sypniewo k. Jastrowia"]
[Date "1899-12-30"]
[Round "4.92"]
[White "Miasik, Adrian"]
[Black "Maj, Samuel"]
[Result "1-0"]
[WhiteTitle "I++"]
[BlackTitle "I"]
[WhiteElo "1948"]
[BlackElo "1839"]

1. d4 Nf6 2. c4 g6 3. Nc3 Bg7 4. e4 d6 5. f4 c5 6. d5 O-O 7. Nf3 e6 8. dxe6 fxe6
9. Bd3 Nc6 10. O-O b6 11. Ng5 Nd4 12. e5 dxe5 13. fxe5 Nd7 14. Rxf8+ Qxf8 15.
Nxh7 Kxh7 16. Qh5+ Kg8 17. Bxg6 Nf3+ 18. gxf3 Qd8 19. Bg5 Qc7 20. Be7 1-0

[Event "Druzynowe Mistrzostwa Polski - II liga"]
[Site "Sypniewo k. Jastrowia"]
[Date "1899-12-30"]
[Round "4.93"]
[White "Pietrzak, Tomasz"]
[Black "Babiarz, Arkadiusz"]
[Result "1/2-1/2"]
[WhiteTitle "I"]
[BlackTitle "I++"]
[WhiteElo "1757"]
[BlackElo "2000"]

1. c4 e6 2. g3 d5 3. d4 dxc4 4. Bg2 Nc6 5. Nf3 Bb4+ 6. Bd2 Bxd2+ 7. Qxd2 Rb8 8.
O-O Nf6 9. Rc1 b5 10. b3 Ba6 11. a4 b4 12. bxc4 Na5 13. Qd3 b3 14. Ra3 Qe7 15.
Ne5 O-O 16. Nc6 Nxc6 17. Bxc6 Qd6 18. Bf3 Qb4 19. Qc3 Rfd8 20. e3 h6 21. Qb2 Bxc4
22. Nd2 Bd5 23. Bxd5 Nxd5 24. Rxb3 Qf8 25. Rb1 Rxb3 26. Qxb3 c5 27. dxc5 Qxc5
28. Qc4 Qa5 29. Nb3 Qc3 30. Rc1 Qb2 31. Qc2 Qxc2 32. Rxc2 Rb8 33. Nd4 Rb1+ 34.
Kg2 Ra1 35. Rc8+ Kh7 36. Rc4 Nb6 37. Rc7 Kg6 38. Rxa7 1/2-1/2

[Event "Druzynowe Mistrzostwa Polski - II liga"]
[Site "Sypniewo k. Jastrowia"]
[Date "1899-12-30"]
[Round "4.94"]
[White "Ciasnocha, Michal"]
[Black "Piwowarczyk, Bartlomiej"]
[Result "1/2-1/2"]
[WhiteTitle "I++"]
[BlackTitle "I++"]
[WhiteElo "1893"]
[BlackElo "1884"]

1. d4 d6 2. Nf3 Nf6 3. b3 Nbd7 4. Bb2 g6 5. g3 Bg7 6. Bg2 O-O 7. O-O c6 8. a4 Qc7
9. a5 Re8 10. Nbd2 Rb8 11. e4 e5 12. dxe5 dxe5 13. Re1 b5 14. axb6 axb6 15. Nc4
Bf8 16. Ba3 1/2-1/2

[Event "Druzynowe Mistrzostwa Polski - II liga"]
[Site "Sypniewo k. Jastrowia"]
[Date "1899-12-30"]
[Round "4.95"]
[White "Soliwoda, Zygmunt"]
[Black "Wasik, Roman"]
[Result "1/2-1/2"]
[WhiteTitle "II+"]
[BlackTitle "I"]
[WhiteElo "1593"]
[BlackElo "1355"]

1. d4 d6 2. c4 g6 3. Nc3 Bg7 4. e4 Nf6 5. Nf3 O-O 6. Be2 e5 7. O-O Nc6 8. d5 Ne7
9. Ne1 a5 10. Be3 Bd7 11. Nd3 b6 12. b3 Qc8 13. f3 Nh5 14. a3 Nf4 15. Nxf4 exf4
16. Bd4 f6 17. Qd2 g5 18. b4 Ng6 19. c5 bxc5 20. bxc5 Ne5 21. Bxe5 fxe5 22. c6
Be8 23. Rab1 Bh5 24. h3 Bf6 25. Rb7 Bg6 26. Nb5 Rf7 27. Na7 Qd8 28. Qxa5 g4 29.
hxg4 Bh4 30. g3 fxg3 31. Kg2 h5 32. gxh5 Bxh5 33. Rh1 Qe7 34. Qc3 Bg6 35. Qc2
Qg5 36. Qc1 Qf6 37. Rf1 Bg5 38. Qb1 Kg7 39. Nb5 Rh8 40. Rh1 Rh2+ 41. Rxh2 gxh2
42. Rxc7 Be3 43. Rxf7+ Bxf7 44. Qf1 Qg5+ 45. Kh3 Qh5+ 46. Kg2 Qg5+ 47. Kh3 Qh5+
48. Kg2 1/2-1/2